Statistics for 名字含“坡/丘/陵/岭”的县区 Counties with “hill” in their names

Click here to take the quiz!

General Stats

  • This quiz has been taken 18 times
  • The average score is 35 of 51

Answer Stats

地级行政区县区% Correct
苏州市虎丘区
100%
中卫市沙坡头区
100%
铁岭市铁岭县
94%
芜湖市南陵县
94%
海南省直辖陵水黎族自治县
94%
济南市章丘区
94%
株洲市炎陵县
89%
张家界市武陵源区
89%
常德市武陵区
89%
眉山市东坡区
83%
台州市温岭市
83%
重庆市九龙坡区
83%
扬州市广陵区
78%
长春市公主岭市
78%
荆州市江陵县
78%
延安市黄陵县
78%
株洲市醴陵市
78%
西安市高陵区
78%
大同市灵丘县
78%
沧州市任丘市
72%
文山壮族苗族自治州麻栗坡县
72%
咸阳市杨陵区
72%
永州市零陵区
72%
太原市杏花岭区
72%
株洲市茶陵县
72%
潍坊市安丘市
67%
重庆市涪陵区
67%
百色市那坡县
67%
辽阳市弓长岭区
67%
宜昌市西陵区
67%
松原市长岭县
61%
许昌市鄢陵县
61%
德州市乐陵市
61%
德州市陵城区
61%
商丘市宁陵县
61%
晋城市陵川县
61%
文山壮族苗族自治州丘北县
56%
临沂市兰陵县
56%
宜昌市夷陵区
56%
怀化市沅陵县
56%
泰州市海陵区
56%
安顺市关岭布依族苗族自治县
56%
梅州市蕉岭县
56%
邢台市内丘县
50%
湛江市坡头区
50%
双鸭山市岭东区
50%
保山市龙陵县
44%
周口市沈丘县
44%
新乡市封丘县
39%
漯河市召陵区
33%
南充市嘉陵区
33%

Score Distribution

Percentile by Number Answered

Percent of People with Each Score

Your Score History

You have not taken this quiz